Statistics for US States With The Most Asians

Click here to take the quiz!

General Stats

  • This quiz has been taken 101 times
  • The average score is 8 of 10

Answer Stats

% of AsiansAnswer% Correct
8.2New York
99%
14.9California
97%
57.4Hawaii
96%
9.0Washington
87%
9.0New Jersey
81%
6.0Massachusetts
72%
9.0Nevada
71%
7.1Alaska
68%
6.5Virginia
65%
6.4Maryland
61%

Score Distribution

Percentile by Number Answered

Percent of People with Each Score

Your Score History

You have not taken this quiz